Ropné manévre
Znižovanie cien palív. Nárast americkej ropnej produkcie. Ceny ropy na najnižšej úrovni za posledné štyri roky. Posilnenie kurzu amerického dolára. Dlhodobý výhľad. Budúcnosť Európy podľa Medzinárodnej energetickej agentúry.
Guardado en:
| Autor principal: | |
|---|---|
| Formato: | Capítulo de libro |
| Lenguaje: | eslovaco |
| Materias: | |
| Etiquetas: |
Sin Etiquetas, Sea el primero en etiquetar este registro!
|
MARC
| LEADER | 00000naa a2200000 4500 | ||
|---|---|---|---|
| 001 | 0195297 | ||
| 005 | 20231013091122.9 | ||
| 041 | 0 | |a slo | |
| 044 | |a SK | ||
| 245 | 1 | 0 | |a Ropné manévre |c Juraj Kantorík |
| 520 | |a Znižovanie cien palív. Nárast americkej ropnej produkcie. Ceny ropy na najnižšej úrovni za posledné štyri roky. Posilnenie kurzu amerického dolára. Dlhodobý výhľad. Budúcnosť Európy podľa Medzinárodnej energetickej agentúry. | ||
| 610 | 2 | 0 | |a ropa |
| 610 | 2 | 0 | |a produkcia |
| 610 | 2 | 0 | |a palivá |
| 610 | 2 | 0 | |a zdroje energetické |
| 610 | 2 | 0 | |a zdroje energie obnoviteľné |
| 610 | 2 | 0 | |a ceny |
| 610 | 2 | 0 | |a dolár |
| 610 | 2 | 0 | |a USA |
| 610 | 2 | 0 | |a Európa |
| 100 | 1 | |a Kantorík, Juraj | |